Smoothing and approximation of functions

محفوظ في:
التفاصيل البيبلوغرافية
المؤلف الرئيسي: Shapiro, Harold S (مؤلف)
التنسيق: كتاب
اللغة:الإنجليزية
منشور في: Nueva York D. Van Nostrand 1969
سلاسل:Van Nostrand mathematical studies, 24
الموضوعات:
الوسوم: إضافة وسم
لا توجد وسوم, كن أول من يضع وسما على هذه التسجيلة!

MARC

LEADER 00000nam a2200000 a 4500
001 UCW1301
003 CL-VaPUC
008 920107e19690000US |||||||||||||||||eng|d
082 0 4 |a 515.5  |b SHA  |2 21 
100 0 |a Shapiro, Harold S  |e author  |9 305225 
245 1 0 |a Smoothing and approximation of functions 
300 |a 134 p 
942 |c BK 
945 |d 19920107 00:00:00 
260 |a Nueva York  |b D. Van Nostrand  |c 1969 
650 0 |a Funciones   |9 263869 
583 |a last modification  |c 19920107 00:00:00  |k Rodrigo Vera 
490 0 |a Van Nostrand mathematical studies, 24 
999 |c 216216  |d 216214 
952 |0 0  |1 0  |4 0  |6 515_500000000000000_SHA_1969  |7 0  |8 A  |9 201723  |a BIBMAT  |b BIBMAT  |d 2019-11-14  |i 2689685  |o 515.5 SHA 1969  |p 2689685  |r 2025-01-07  |w 2019-11-14  |y BK  |k MAT